Elaboración de un modelo hidrológico distribuido basado en el método de onda cinemática para el análisis de eventos de precipitaciones en cuencas pequeñas
Đã lưu trong:
| Tác giả chính: | |
|---|---|
| Định dạng: | Sách |
| Ngôn ngữ: | Spanish |
| Được phát hành: |
[San José], Costa Rica
2016
|
| Những chủ đề: | |
| Các nhãn: |
Thêm thẻ
Không có thẻ, Là người đầu tiên thẻ bản ghi này!
|
MARC
| LEADER | 00000nam a22000007a 4500 | ||
|---|---|---|---|
| 003 | 012484 | ||
| 005 | 20221231144120.0 | ||
| 008 | 161101b2016 cr a|||| m||| 00| ||spa d | ||
| 040 | |c cru CEDI | ||
| 090 | |a TFG 7640 | ||
| 100 | |9 5485 |a Murillo López, Andres | ||
| 245 | |a Elaboración de un modelo hidrológico distribuido basado en el método de onda cinemática para el análisis de eventos de precipitaciones en cuencas pequeñas | ||
| 260 | |a [San José], Costa Rica |c 2016 | ||
| 300 | |a xiv, 104, [11]hojas; ilustraciones | ||
| 500 | |a Proyecto de graduación (licenciatura en ingeniería civil)--Universidad de Costa Rica. Facultad de Ingeniería. Escuela de Ingeniería Civil | ||
| 650 | |x PYTHON (LENGUAJE DE PROGRAMACION PARA COMPUTADORA) |x HIDROLOGIA - COSTA RICA |x ESCORRENTIA - COSTA RICA - ESTUDIO DE CASOS |x ESCORRENTIA - MODELOS MATEMATICOS |x ESCORRENTIA - METODOS DE SIMULACION |9 5486 | ||
| 942 | |c TFG | ||
| 999 | |c 17111 |d 17111 | ||
